000 00523nam a22001817a 4500
005 20251108170528.0
008 250721s1996 xx 000 0 ara d
082 1 4 _a810/زيا
100 1 _aزيادة، مي
245 1 0 _aالأعمال المجهولة لمي زيادة /
264 1 _aأبوظبي :
_bالمجمع الثقافي،
_c1996.
300 _a478ص
650 1 7 _aالأدب العربي
650 1 7 _aلبنان
700 1 _aزيدان، جوزيف
_eتحقيق
942 _2ddc
_cBK
999 _c42711
_d42711